00904 2200205 4500001002100000005001500021035002000036007000300056008004100059082000800100084001400108100001900122245015800141260004000299300002800339650001100367650001600378520029100394990001300685INLIS00000000000591820260425044042 a0010-0426000005ta260425 g 0 dut  a908 a908 MEE p0 aMEERBURG, J.W.1 aProeve eener beschrijving van land en volk van Midden-Manggarai (West-Flores) : Afdeeling Bima, Gouvernement Celebes en Onderhoorigheden /cJ.W. Meerburg aBatavia :bAlbrecht & Rusche,c1891 a51 p. :bill. ;c22 cm. 4aFLORES 4aETHNOGRAPHY aBuku Proeve eener beschrijving van land en volk van Midden-Manggarai (West-Flores) karya J. W. Meerburg berisi tentang deskripsi wilayah dan masyarakat Manggarai Tengah di Flores Barat pada masa kolonial, mencakup kondisi geografis, kehidupan sosial, serta kebudayaan penduduk setempat. aL8131/72